000 00559 a2200193 4500
001 62005
005 20260407155913.0
008 260407a1974 arg spa d
003 AR-UNSa-BCEJYS
040 _aAR-UNSa-BCEJYS
_bspa
_cAR-UNSa-BCEJYS
080 _a349.22:331.106
_xContrato de trabajo
245 1 0 _aLey de contrato de trabajo anotada
_pLey 20.744
264 1 _aBuenos Aires :
_bVíctor P. de Zavalía
_c1974
300 _a863 p.
_c23 cm.
041 _aspa
942 _cBK
590 _aniveau_biblio:m niveau_hierar:0
100 1 _aEnsinck, Juan A.
999 _c7536
_d7536